Name the Criminals - Statistics

General Stats
  • This quiz has been taken 134 times
    107 since last reset
  • The average score is 5 of 8
Answer Stats
Hint Answer % Correct
While little is known about his identity, what is known is that he was active in the London district of Whitechapel in the 1880s Jack the Ripper
89%
Sometimes known as "Scarface", he was the co-founder and boss of the Chicago Outfit Al Capone
88%
She made up half of this famous duo that operated during the Great Depression Bonnie Parker
74%
Arguably the most famous pirate in history, this man died off the coast of North Carolina and sailed a stolen frigate, which he named Queen Anne's Revenge Blackbeard, Edward Teach, Edward Thatch
69%
Known as the wealthiest criminal in history, this Colombian was the founder and sole leader of the Medellín Cartel Pablo Escobar
59%
This serial killer shares his name with a group of 12 constellations The Zodiac Killer
53%
One of the last bushrangers, this outlaw is commonly known for the suit of bulletproof armour he wore during a shootout with the police Ned Kelly
30%
Known better by nickname, he was a pirate active in the Bahamas and Cuba during the Golden Age of Piracy, and was the husband of Anne Bonny Calico Jack, John Rackham
12%
No matching quizzes found
Score Distribution
Percent of People with Each Score
Percentile by Number Answered
Your Score History
You have not taken this quiz since the last reset